[Event "Aeroflot Open B 2015"]
[Site "Moscú RUS"]
[Date "2015.04.03"]
[Round "8.27"]
[White "Kazimova, Narmin"]
[Black "Liu, Chang"]
[Result "0-1"]
[WhiteElo "2262"]
[BlackElo "2357"]
[PlyCount "100"]
[EventDate "2015.03.27"]
[EventType "swiss"]
[EventRounds "9"]
[EventCountry "RUS"]
[Source "lmi"]
[SourceDate "2015.03.27"]

1. Nf3 c5 2. c4 Nc6 3. d4 cxd4 4. Nxd4 g6 5. e4 Bg7 6. Be3 d6 7. Nc3 Nf6 8. Be2
O-O 9. O-O Nxd4 10. Bxd4 Bd7 11. c5 dxc5 12. Bxc5 Bc6 13. Qxd8 Rfxd8 14. Bxe7
Rd2 15. Bf3 Re8 16. Ba3 Nxe4 17. Nxe4 Bxe4 18. Rad1 Rxd1 19. Rxd1 Bc2 20. Rc1
Bh6 21. Ra1 b6 22. g3 Bd2 23. Kg2 g5 24. b3 Kg7 25. Rh1 f5 26. h3 Kg6 27. Bc1
Rd8 28. Bxd2 Rxd2 29. Re1 Kf6 30. Re8 Bb1 31. a4 Bc2 32. Rh8 Rd7 33. Bc6 Rd6
34. Bf3 a5 35. Rxh7 Bxb3 36. Rh6+ Ke5 37. Rh5 Rg6 38. h4 g4 39. Be2 Bxa4 40.
Rh8 Bc6+ 41. f3 f4 42. gxf4+ Kxf4 43. Kf2 g3+ 44. Kg2 Ke3 45. h5 Rd6 46. Ba6 a4
47. h6 Bxf3+ 48. Kxg3 Rg6+ 49. Kh3 Kf2 50. Bc4 Rg3+ 0-1

[Event "Aeroflot Open B 2015"]
[Site "Moscú RUS"]
[Date "2015.04.03"]
[Round "8.28"]
[White "Kanter, Eduard"]
[Black "Derakhshani, Dorsa"]
[Result "1-0"]
[WhiteElo "2349"]
[BlackElo "2169"]
[PlyCount "161"]
[EventDate "2015.03.27"]
[EventType "swiss"]
[EventRounds "9"]
[EventCountry "RUS"]
[Source "lmi"]
[SourceDate "2015.03.27"]

1. d4 Nf6 2. c4 e6 3. Nc3 Bb4 4. Qc2 O-O 5. Nf3 c5 6. dxc5 Na6 7. g3 Nxc5 8.
Bg2 Nfe4 9. Be3 Bxc3+ 10. bxc3 f5 11. Nd2 Qa5 12. O-O Nxc3 13. Nb3 Nxb3 14.
axb3 Qe5 15. Qb2 d5 16. Rfd1 Qf6 17. Rd2 Ne4 18. Qxf6 gxf6 19. Rd3 dxc4 20.
bxc4 a6 21. f3 Ng5 22. h4 Nf7 23. f4 Rd8 24. Bb6 Rxd3 25. exd3 Bd7 26. Rb1 Bc6
27. Bxc6 bxc6 28. Ba5 e5 29. Rb6 Nd8 30. Kf2 Kf7 31. Ke3 Ke7 32. h5 Kd7 33.
fxe5 fxe5 34. d4 exd4+ 35. Kxd4 Kd6 36. c5+ Ke6 37. Rb3 Kf6 38. Kc4 Kg5 39. Re3
Nf7 40. Re7 Kf6 41. Rc7 Ne5+ 42. Kb4 Nd3+ 43. Ka3 Nxc5 44. Bc3+ Kg5 45. Rxh7
Ne4 46. Be5 Re8 47. Bf4+ Kg4 48. h6 Nxg3 49. Bc1 Nh5 50. Rf7 Rh8 51. h7 Nf6 52.
Rxf6 Rxh7 53. Kb3 a5 54. Rxc6 f4 55. Rc4 Rf7 56. Kc2 Kf3 57. Kd1 Rd7+ 58. Ke1
Re7+ 59. Kf1 Re4 60. Rc3+ Kg4 61. Kf2 a4 62. Rc8 Rb4 63. Rg8+ Kf5 64. Rf8+ Kg4
65. Ba3 Rd4 66. Ke2 Re4+ 67. Kd2 f3 68. Bc5 Rf4 69. Rg8+ Kh3 70. Ke1 Rg4 71.
Rd8 Kg3 72. Kf1 Rc4 73. Be3 Rc2 74. Rg8+ Kh3 75. Bf2 a3 76. Rg3+ Kh2 77. Rg4
Rc1+ 78. Be1 f2 79. Kxf2 Kh3 80. Ra4 a2 81. Kf1 1-0

[Event "Aeroflot Open B 2015"]
[Site "Moscú RUS"]
[Date "2015.04.03"]
[Round "8.29"]
[White "Nazarenus, Moritz"]
[Black "Vuilleumier, Alexandre"]
[Result "0-1"]
[WhiteElo "2217"]
[BlackElo "2349"]
[PlyCount "92"]
[EventDate "2015.03.27"]
[EventType "swiss"]
[EventRounds "9"]
[EventCountry "RUS"]
[Source "lmi"]
[SourceDate "2015.03.27"]

1. d4 Nf6 2. c4 e6 3. Nf3 d5 4. Nc3 Bb4 5. e3 O-O 6. Bd3 c5 7. O-O dxc4 8. Bxc4
Nc6 9. a3 Bxc3 10. bxc3 Qc7 11. Qe2 e5 12. d5 Na5 13. e4 Bg4 14. Ba2 c4 15. h3
Bh5 16. Rd1 Ne8 17. g4 Bg6 18. a4 f6 19. Ba3 Nd6 20. Nd2 Rfc8 21. Rab1 Be8 22.
Bxd6 Qxd6 23. Rb4 Bd7 24. Rdb1 h5 25. gxh5 Bxh3 26. Kh2 Bd7 27. Rg1 b6 28. Nf3
Nb7 29. Nh4 g5 30. hxg6 Kg7 31. Kg2 Rh8 32. Rh1 Nc5 33. Bxc4 a5 34. Bb5 Bc8 35.
Rbb1 f5 36. Bc6 Rb8 37. exf5 Qf6 38. Qg4 Nd3 39. Rh2 Nf4+ 40. Kh1 Ba6 41. Re1
Rh5 42. Nf3 Rbh8 43. Rxh5 Rxh5+ 44. Kg1 Be2 45. Bd7 Rg5 46. Qxg5 Nh3+ 0-1

[Event "Aeroflot Open B 2015"]
[Site "Moscú RUS"]
[Date "2015.04.03"]
[Round "8.30"]
[White "Ruecker, Benjamin"]
[Black "Abhishek, Kelkar"]
[Result "1/2-1/2"]
[WhiteElo "2269"]
[BlackElo "2343"]
[PlyCount "38"]
[EventDate "2015.03.27"]
[EventType "swiss"]
[EventRounds "9"]
[EventCountry "RUS"]
[Source "lmi"]
[SourceDate "2015.03.27"]

1. d4 Nf6 2. c4 g6 3. Nc3 Bg7 4. e4 d6 5. Be2 O-O 6. Bg5 Nbd7 7. Qd2 c6 8. Nf3
e5 9. O-O Qc7 10. Rad1 Re8 11. d5 cxd5 12. cxd5 Nc5 13. Rc1 Qb8 14. Qc2 a5 15.
Nd2 Bd7 16. a4 Rc8 17. b3 h6 18. Be3 Ng4 19. Bxg4 Bxg4 1/2-1/2

[Event "Aeroflot Open B 2015"]
[Site "Moscú RUS"]
[Date "2015.04.03"]
[Round "8.31"]
[White "Pustovoitova, Daria"]
[Black "Lomasov, Semen"]
[Result "1-0"]
[WhiteElo "2339"]
[BlackElo "2335"]
[PlyCount "95"]
[EventDate "2015.03.27"]
[EventType "swiss"]
[EventRounds "9"]
[EventCountry "RUS"]
[Source "lmi"]
[SourceDate "2015.03.27"]

1. d4 Nf6 2. Nf3 b5 3. e4 Nxe4 4. Bxb5 e6 5. O-O Be7 6. Re1 Bb7 7. Bd3 Nf6 8.
c4 O-O 9. Nc3 h6 10. Be3 c5 11. d5 exd5 12. cxd5 Nxd5 13. Nxd5 Bxd5 14. Bc2 Be6
15. Qd3 f5 16. Ne5 Rf6 17. Rad1 Qc8 18. Bb3 d6 19. Bd5 Na6 20. Bxa8 Nb4 21. Nc6
Nxc6 22. Bxc6 Qxc6 23. Bf4 Rg6 24. g3 d5 25. Qb3 d4 26. Qb8+ Kh7 27. Qxa7 Qf3
28. Qa3 Qxa3 29. bxa3 Bf8 30. a4 Bxa2 31. a5 Bb3 32. Ra1 Bc4 33. Re8 Bd6 34. a6
Bxf4 35. a7 Bd5 36. a8=Q Bxa8 37. Raxa8 Rb6 38. gxf4 Rb1+ 39. Kg2 d3 40. Red8
Rb3 41. Rac8 Rc3 42. Rd5 c4 43. Rd4 Rc1 44. Rxd3 Rc2 45. Rd4 c3 46. Rd3 Rd2 47.
Rxd2 cxd2 48. Rd8 1-0

[Event "Aeroflot Open B 2015"]
[Site "Moscú RUS"]
[Date "2015.04.03"]
[Round "8.32"]
[White "Hakobyan, Aram"]
[Black "Danielian, Elina"]
[Result "0-1"]
[WhiteElo "2283"]
[BlackElo "2488"]
[PlyCount "168"]
[EventDate "2015.03.27"]
[EventType "swiss"]
[EventRounds "9"]
[EventCountry "RUS"]
[Source "lmi"]
[SourceDate "2015.03.27"]

1. Nf3 Nf6 2. d4 e6 3. Bf4 c5 4. e3 b6 5. c3 Bb7 6. h3 Be7 7. Be2 O-O 8. O-O d6
9. Nbd2 cxd4 10. exd4 Nbd7 11. a4 a6 12. Bh2 Re8 13. Re1 Bf8 14. Qb3 Qc7 15.
Nc4 Bd5 16. Qb4 Qc6 17. Ne3 Be4 18. Qb3 Qb7 19. Nd2 Bc6 20. Ndc4 e5 21. Rad1
Re6 22. Bd3 g6 23. Bc2 exd4 24. cxd4 Rae8 25. Qa2 Nd5 26. Bb3 N7f6 27. Rf1 Nb4
28. Qa1 Nfd5 29. Rfe1 Nxe3 30. Nxe3 Rxe3 31. Rxe3 Rxe3 32. fxe3 Bxg2 33. Rd2
Bxh3 34. Qe1 Qe4 35. Bf4 Bf5 36. Qf1 d5 37. Qg2 Qe6 38. Qf3 Be4 39. Qg3 Qc6 40.
Rd1 Nd3 41. Rf1 Nxb2 42. Qh2 Qc3 43. Bh6 Bxh6 44. Qxh6 Qc7 45. Qg5 h6 46. Qh4
g5 47. Qh2 Qxh2+ 48. Kxh2 Kg7 49. Rc1 b5 50. Rc5 Nxa4 51. Bxa4 bxa4 52. Ra5 h5
53. Rxa4 Bd3 54. Ra5 Bb5 55. Ra2 Kg6 56. Rf2 f6 57. Rc2 Kf5 58. Rf2+ Ke6 59.
Rc2 h4 60. Rc7 Kf5 61. Re7 Bd3 62. Kh3 Bf1+ 63. Kh2 Bd3 64. Kh3 a5 65. Ra7 Ke4
66. Rxa5 Bc4 67. Ra8 Kxe3 68. Rf8 Bf1+ 69. Kg4 Be2+ 70. Kh3 Kxd4 71. Rxf6 Ke5
72. Rf8 Bh5 73. Rh8 Bf3 74. Rg8 Kf4 75. Rf8+ Ke3 76. Rg8 g4+ 77. Kxh4 d4 78.
Kg3 d3 79. Re8+ Kd4 80. Rd8+ Bd5 81. Kf2 g3+ 82. Ke1 g2 83. Rg8 Bxg8 84. Kd2
Ke4 0-1

[Event "Aeroflot Open B 2015"]
[Site "Moscú RUS"]
[Date "2015.04.03"]
[Round "8.33"]
[White "Ovod, Evgenija"]
[Black "Kulkarni, Rakesh"]
[Result "0-1"]
[WhiteElo "2325"]
[BlackElo "2282"]
[PlyCount "66"]
[EventDate "2015.03.27"]
[EventType "swiss"]
[EventRounds "9"]
[EventCountry "RUS"]
[Source "lmi"]
[SourceDate "2015.03.27"]

1. d4 Nf6 2. Bg5 d5 3. e3 c5 4. Bxf6 exf6 5. c3 Nc6 6. Nd2 cxd4 7. exd4 Bd6 8.
Bd3 O-O 9. Qh5 f5 10. Qf3 Ne7 11. Ne2 b5 12. a3 Rb8 13. b4 Ng6 14. g3 Re8 15.
Bxf5 Nf4 16. Bd3 Nxd3+ 17. Qxd3 Bg4 18. f3 Bh5 19. Nb3 Rb7 20. Kf2 Rbe7 21.
Rhe1 Re3 22. Qxe3 Rxe3 23. Kxe3 Qf6 24. Ng1 Bg6 25. Kf2 h5 26. h4 Bf5 27. f4
Bxf4 28. gxf4 Qxh4+ 29. Ke3 g5 30. Rf1 Qg3+ 31. Rf3 gxf4+ 32. Ke2 Qg2+ 33. Rf2
Bg4+ 0-1

[Event "Aeroflot Open B 2015"]
[Site "Moscú RUS"]
[Date "2015.04.03"]
[Round "8.34"]
[White "Salman, Pavel"]
[Black "Zherebtsova, Alexandra"]
[Result "0-1"]
[WhiteElo "2288"]
[BlackElo "2184"]
[PlyCount "120"]
[EventDate "2015.03.27"]
[EventType "swiss"]
[EventRounds "9"]
[EventCountry "RUS"]
[Source "lmi"]
[SourceDate "2015.03.27"]

1. d4 d5 2. c4 c6 3. Nf3 Nf6 4. Nc3 e6 5. e3 Nbd7 6. Qc2 Bd6 7. b3 b6 8. cxd5
exd5 9. Be2 Bb7 10. Bb2 O-O 11. O-O Rc8 12. Rac1 Re8 13. Qb1 Qe7 14. h3 Bb8 15.
Rfd1 Nf8 16. a3 Ng6 17. b4 a6 18. Na4 Qc7 19. Ne5 Ne4 20. Bg4 Rcd8 21. Bf5 Nd6
22. Bd3 b5 23. Nc5 Nc4 24. Nf3 Bc8 25. a4 Rd6 26. axb5 axb5 27. e4 Nf4 28. e5
Rh6 29. Ng5 f6 30. Nf3 Qf7 31. Rxc4 bxc4 32. Bf5 Bxf5 33. Qxf5 fxe5 34. Qxf7+
Kxf7 35. dxe5 Ba7 36. Bc1 Ne2+ 37. Kf1 Nxc1 38. Rxc1 Bxc5 39. bxc5 Rb8 40. Nd4
Rh4 41. g4 Rxh3 42. Kg2 Rd3 43. e6+ Ke8 44. Nxc6 Rc8 45. Ne5 Rd2 46. c6 Re2 47.
Nf3 Rxe6 48. Nd4 Re4 49. Rd1 Rxg4+ 50. Kf3 h5 51. Re1+ Kf7 52. Ne6 Kf6 53. Nf4
Rxf4+ 54. Kxf4 Rxc6 55. Rc1 d4 56. Ke4 d3 57. Ke3 Kf5 58. Ra1 Re6+ 59. Kd2 Re2+
60. Kc3 Rc2+ 0-1

[Event "Aeroflot Open B 2015"]
[Site "Moscú RUS"]
[Date "2015.04.03"]
[Round "8.35"]
[White "Byambaa, Zulzaga"]
[Black "Gavrilov, Alexei"]
[Result "0-1"]
[WhiteElo "2286"]
[BlackElo "2485"]
[PlyCount "106"]
[EventDate "2015.03.27"]
[EventType "swiss"]
[EventRounds "9"]
[EventCountry "RUS"]
[Source "lmi"]
[SourceDate "2015.03.27"]

1. e4 e5 2. Nf3 Nc6 3. Bb5 a6 4. Ba4 Nf6 5. O-O Be7 6. Re1 b5 7. Bb3 d6 8. c3
O-O 9. a4 b4 10. d4 bxc3 11. bxc3 Bg4 12. d5 Na5 13. Ba2 c6 14. dxc6 Qc7 15.
Bg5 Nxc6 16. Nbd2 Na5 17. Rc1 Be6 18. Bxe6 fxe6 19. Qc2 h6 20. Be3 Ng4 21. Rb1
Nxe3 22. Rxe3 Rab8 23. Rxb8 Rxb8 24. Qa2 Kf7 25. Qc2 Qc6 26. Re1 Bd8 27. g3 Bb6
28. Kg2 Ba7 29. Rf1 Rb4 30. Ne1 Rxa4 31. Qd1 Nc4 32. Nxc4 Rxc4 33. Qh5+ Kg8 34.
f3 Rxc3 35. Qg6 Qc4 36. Rh1 a5 37. h4 Qc8 38. h5 Qd7 39. Rf1 Qf7 40. Qg4 Be3
41. f4 exf4 42. gxf4 a4 43. f5 exf5 44. Rxf5 Qa2+ 45. Kh1 Rc1 46. Rf1 Bf2 47.
Qg6 Rxe1 48. Rxe1 Bxe1 49. Qe8+ Kh7 50. Qg6+ Kh8 51. Qe8+ Qg8 52. Qxa4 Qe6 53.
Kg2 Bc3 0-1

[Event "Aeroflot Open B 2015"]
[Site "Moscú RUS"]
[Date "2015.04.03"]
[Round "8.36"]
[White "Gadimbayli, Abdulla"]
[Black "Bayarmaa, Bayarjargal"]
[Result "0-1"]
[WhiteElo "2332"]
[BlackElo "2264"]
[PlyCount "114"]
[EventDate "2015.03.27"]
[EventType "swiss"]
[EventRounds "9"]
[EventCountry "RUS"]
[Source "lmi"]
[SourceDate "2015.03.27"]

1. e4 c5 2. Nf3 d6 3. d4 cxd4 4. Nxd4 Nf6 5. Nc3 a6 6. Be3 Nbd7 7. f3 e6 8. Qd2
b5 9. O-O-O Bb7 10. g4 Ne5 11. h4 Rc8 12. Rg1 Qa5 13. g5 b4 14. Nb1 Nxf3 15.
Nxf3 Nxe4 16. Qd4 d5 17. Qb6 Qa4 18. Nd4 Qd7 19. Bxa6 Bxa6 20. Qxa6 Bc5 21. Qd3
O-O 22. Nb3 Bxe3+ 23. Qxe3 Qa4 24. Rg2 Qxa2 25. Nd4 Rc4 26. h5 Rfc8 27. g6 fxg6
28. hxg6 h6 29. Qh3 Nc5 30. Rg3 Kh8 31. Rf3 Na4 32. Rb3 e5 33. Rh1 exd4 34. Rh2
R4c7 35. Rxb4 Nc5 36. Qg3 Qa6 37. Rxd4 Qf1+ 38. Rd1 Qf5 39. Na3 Ne4 40. Qg1 Ng5
41. Qe3 Rc5 42. Qd3 Qf4+ 43. Qd2 Qf6 44. Qd3 Ne4 45. Rf1 Qg5+ 46. Kb1 Qxg6 47.
Qd4 Ra5 48. Rg1 Qh7 49. Rhg2 Ng5 50. Rh2 Ne4 51. Rhg2 Nf6 52. Rg6 Ra6 53. Qb4
Rca8 54. Qe7 R6a7 55. Qd6 Ne4 56. Qe5 Nd2+ 57. Ka1 Rxa3+ 0-1

[Event "Aeroflot Open B 2015"]
[Site "Moscú RUS"]
[Date "2015.04.03"]
[Round "8.37"]
[White "Gurvich, Vitaly"]
[Black "Savenkov, Konstantin"]
[Result "0-1"]
[WhiteElo "2247"]
[BlackElo "2331"]
[PlyCount "110"]
[EventDate "2015.03.27"]
[EventType "swiss"]
[EventRounds "9"]
[EventCountry "RUS"]
[Source "lmi"]
[SourceDate "2015.03.27"]

1. e4 e6 2. d4 d5 3. Nd2 Nf6 4. e5 Nfd7 5. c3 c5 6. Bd3 Nc6 7. Ne2 cxd4 8. cxd4
f6 9. exf6 Qxf6 10. Nf3 h6 11. Qc2 Bd6 12. Bg6+ Ke7 13. O-O Rd8 14. Re1 Nf8 15.
Bh5 Rd7 16. Be3 Kd8 17. Bg4 Re7 18. Qd2 Ng6 19. a3 Bd7 20. Rad1 Rc8 21. Ng3 b6
22. Bh5 Na5 23. Qd3 Be8 24. Nd2 Rec7 25. Bg4 Nf8 26. f4 Bg6 27. Qf1 Bc2 28. Rc1
Ng6 29. Qf2 Bd3 30. Rxc7 Rxc7 31. Nh5 Qf7 32. Nf3 Rc2 33. Qg3 Nc4 34. Bc1 Be4
35. h3 Nxb2 36. Bxb2 Rxb2 37. Nh4 Nxh4 38. Qxh4+ g5 39. Qg3 gxf4 40. Qc3 Rxg2+
41. Kf1 Rc2 42. Qb3 Qc7 43. Ng7 Qxg7 44. Rxe4 dxe4 45. Qxc2 Qxd4 46. Bxe6 Bc5
47. Qa2 Qg1+ 48. Ke2 f3+ 49. Kd2 Qf2+ 50. Kd1 Qf1+ 51. Kc2 Qe2+ 52. Kc3 Qxa2
53. Bxa2 e3 54. Bd5 e2 55. Kd2 Bf2 0-1

[Event "Aeroflot Open B 2015"]
[Site "Moscú RUS"]
[Date "2015.04.03"]
[Round "8.38"]
[White "Mammadova, Gulnar"]
[Black "Mamyrbay, Assad"]
[Result "1-0"]
[WhiteElo "2314"]
[BlackElo "2222"]
[PlyCount "89"]
[EventDate "2015.03.27"]
[EventType "swiss"]
[EventRounds "9"]
[EventCountry "RUS"]
[Source "lmi"]
[SourceDate "2015.03.27"]

1. e4 e5 2. Nf3 Nc6 3. Bb5 Nf6 4. O-O Nxe4 5. Re1 Nd6 6. Nxe5 Be7 7. Bf1 Nxe5
8. Rxe5 O-O 9. d4 Bf6 10. Re1 Nf5 11. d5 d6 12. Nc3 Bg5 13. Ne4 Bxc1 14. Rxc1
Bd7 15. Bd3 Re8 16. c4 a5 17. Qh5 Qh4 18. Qxh4 Nxh4 19. c5 f5 20. c6 bxc6 21.
dxc6 Bxc6 22. Rxc6 fxe4 23. Bxe4 Kf8 24. Re3 Rac8 25. g3 Ng6 26. Ra6 Rb8 27.
Rxa5 Re5 28. Rxe5 Nxe5 29. b3 g6 30. a4 c6 31. f4 Ng4 32. Rc3 c5 33. Bf3 Nf6
34. Kg2 Ke7 35. g4 Ne8 36. Bc6 Nc7 37. Re3+ Kf6 38. a5 Na6 39. g5+ Kf7 40. Bd5+
Kf8 41. Re6 Rb5 42. Rxd6 Rxa5 43. Bc4 Nb4 44. Rd7 Ra2+ 45. Kg3 1-0

[Event "Aeroflot Open B 2015"]
[Site "Moscú RUS"]
[Date "2015.04.03"]
[Round "8.39"]
[White "Tomashevskaya, Lidia"]
[Black "Pratyusha, Bodda"]
[Result "1/2-1/2"]
[WhiteElo "2232"]
[BlackElo "2270"]
[PlyCount "131"]
[EventDate "2015.03.27"]
[EventType "swiss"]
[EventRounds "9"]
[EventCountry "RUS"]
[Source "lmi"]
[SourceDate "2015.03.27"]

1. e4 e5 2. Nf3 Nc6 3. Bb5 a6 4. Ba4 Nf6 5. O-O Be7 6. Re1 b5 7. Bb3 d6 8. c3
O-O 9. d4 Bg4 10. Be3 Na5 11. Bc2 Nc4 12. Bc1 c5 13. b3 Nb6 14. dxe5 Bxf3 15.
Qxf3 dxe5 16. Nd2 c4 17. Nf1 cxb3 18. axb3 Qc7 19. Ng3 g6 20. Bh6 Rfc8 21. Re3
b4 22. Nf5 Bf8 23. Bg5 Nbd7 24. Nh6+ Bxh6 25. Bxh6 bxc3 26. Rd1 Ne8 27. Red3
Nc5 28. Rxc3 Qe7 29. Bd3 Nd6 30. Be3 Ne6 31. Rxc8+ Nxc8 32. Bc4 Nd6 33. Bd5 Rc8
34. Qg3 Nd4 35. Bxd4 exd4 36. Qd3 Nb5 37. Bc4 Rd8 38. f3 Qc5 39. Ra1 Nc7 40.
Kf1 a5 41. Qd2 Ra8 42. Ra4 Ra7 43. Qa2 Qd6 44. g3 Na6 45. Rxa5 Nb4 46. Qa4 Rxa5
47. Qxa5 d3 48. e5 d2 49. exd6 d1=Q+ 50. Kg2 Qd2+ 51. Kh3 Qxd6 52. Qa8+ Kg7 53.
Qb7 Qf8 54. Bxf7 Qxf7 55. Qxb4 Qxf3 56. Qd4+ Kg8 57. Qc4+ Kg7 58. b4 h5 59.
Qd4+ Kh7 60. Qf4 Qd5 61. g4 hxg4+ 62. Qxg4 Qd3+ 63. Kg2 Qd2+ 64. Kg3 Qc3+ 65.
Kf2 Qd2+ 66. Kg3 1/2-1/2

[Event "Aeroflot Open B 2015"]
[Site "Moscú RUS"]
[Date "2015.04.03"]
[Round "8.40"]
[White "Vojinovic, Jovana"]
[Black "Baterdene, Tsogbayar"]
[Result "1/2-1/2"]
[WhiteElo "2284"]
[BlackElo "2196"]
[PlyCount "93"]
[EventDate "2015.03.27"]
[EventType "swiss"]
[EventRounds "9"]
[EventCountry "RUS"]
[Source "lmi"]
[SourceDate "2015.03.27"]

1. Nf3 d5 2. c4 c6 3. e3 Nf6 4. Nc3 g6 5. d4 Bg7 6. Be2 O-O 7. O-O Nbd7 8. b3
Re8 9. Bb2 a5 10. cxd5 Nxd5 11. Nxd5 cxd5 12. Bb5 Rf8 13. Rc1 Nb6 14. Qc2 a4
15. bxa4 Bd7 16. Bxd7 Qxd7 17. Qc7 Qe6 18. Ba3 Bf6 19. Qxb7 Nc4 20. Qb3 Qd7 21.
Bc5 Rfb8 22. Qc3 Rb2 23. Rc2 Rab8 24. Nd2 Rxc2 25. Qxc2 Rb2 26. Qxb2 Nxb2 27.
a5 Qa4 28. Nb3 Qxa2 29. Ra1 Qxb3 30. a6 Na4 31. a7 Qb7 32. g3 Qa6 33. Rb1 Nxc5
34. Rb8+ Kg7 35. a8=Q Qxa8 36. Rxa8 Ne4 37. Kg2 e5 38. dxe5 Bxe5 39. Rd8 Nc3
40. g4 g5 41. h3 h5 42. gxh5 Kh6 43. Re8 f6 44. Rh8+ Kg7 45. Rd8 Kh6 46. Rh8+
Kg7 47. Rd8 1/2-1/2